Teorii︠a︡ i metod v obshtestvoznanieto.

Disimpan dalam:
Butiran Bibliografi
Pengarang Utama: Stefanov, Nikola Kostadinov.
Format: Buku
Bahasa:Bulgarian
Diterbitkan: Sofii︠a︡, Bŭlgarska akademii︠a︡ na naukite, 1965.
Subjek-subjek:
Penanda-penanda: Tambah Penanda
Tiada Penanda, Jadilah orang pertama menanda rekod ini!
LEADER 00863nam a2200253I 4500
001 006671600-4
005 20020606163548.3
008 940728s1965 bu b 000 0 bulr
010 |a  66056687  
035 0 |a ocm30841746 
040 |a DLC  |c CUY  |d CUY  |d HLS 
041 0 |a bul  |b engrus 
050 0 |a H61  |b .S83 
100 1 |a Stefanov, Nikola Kostadinov. 
245 1 0 |a Teorii︠a︡ i metod v obshtestvoznanieto. 
260 |a Sofii︠a︡,  |b Bŭlgarska akademii︠a︡ na naukite,  |c 1965. 
300 |a 194 p.  |c 21 cm. 
500 |a At head of title: Bŭlgarska akdemii︠a︡ na naukite. Institut po filosofii︠a︡. Nikola K. Stefanov. 
500 |a Added t.p.: Theory and method in social sciences. 
500 |a Summaries in English and Russian. 
504 |a Bibliographical footnotes. 
650 0 |a Social sciences  |x Methodology. 
988 |a 20020608 
906 |0 DLC